000 00468nam a2200133Ia 4500
008 100328s9999 xx 000 0 und d
082 _b13850
100 _aपंडित बाळ ज.
245 _aक्रिकेटची दुनिया
260 _bकोकण एज्युकेशन सोसायटी
630 _aक्रिकेटची दुनिया
730 _aक्रिकेटची दुनिया
942 _cBOOK
999 _c508893
_d508890